| 000 | 00751nam a22002177a 4500 | ||
|---|---|---|---|
| 999 |
_c20461 _d20461 |
||
| 003 | AR-CdUCM | ||
| 008 | 190530b ||||| |||| 00| 0 spa d | ||
| 040 |
_aMUNICIPALIDAD PROVINCIAL DEL CUSCO _cBIBLIOTECA MUNICIPAL DEL CUSCO |
||
| 082 |
_a810 / _bH22 |
||
| 100 |
_aHarkness, Albert _942784 |
||
| 245 | _aAntología de la prosa norteamericana / | ||
| 260 |
_aBuenos Aires : _bSur, _c1960. |
||
| 300 |
_a379 páginas _c21 cm. |
||
| 500 | _a[libro reempastado] | ||
| 505 | _aContenido: A cerca de una plantación de Plymouth -- De la moda femenina -- Carta a la ciudad de Providence... | ||
| 650 |
_aProsa norteamericana _942785 |
||
| 650 |
_aAntología norteamericana _942786 |
||
| 650 |
_aCooper _942787 |
||
| 942 |
_2ddc _cLIBROS |
||
| 945 | _aAndy | ||